[Event "Bialystok Bieluczyk Memorial-B 2nd"]
[Site "Bialystok"]
[Date "2010.06.30"]
[Round "7"]
[White "Jablonski, Zenon"]
[Black "Poswiatowski, Michal"]
[Result "1-0"]
[WhiteElo "2109"]
[BlackElo "1907"]
[PlyCount "69"]
[EventDate "2010.06.26"]
[EventType "swiss"]
[EventRounds "9"]
[EventCountry "POL"]
[SourceTitle "EXT 2012"]
[Source "ChessBase"]
[SourceDate "2011.11.24"]
[SourceVersion "1"]
[SourceVersionDate "2011.11.24"]
[SourceQuality "1"]

1. e4 e5 2. Nf3 Nc6 3. Bb5 a6 4. Ba4 Nf6 5. Qe2 b5 6. Bb3 Be7 7. c3 d6 8. h3 0-0 9. 0-0 Bb7 10. d3 Nb8 11. Nbd2 Nbd7 12. Rd1 c6 13. Nf1 Qc7 14. g4 Nc5 15. Bc2 Rfe8 16. Ng3 g6 17. Ng5 Bf8 18. f4 d5 19. f5 dxe4 20. dxe4 h6 21. Nf3 Ncd7 22. g5 hxg5 23. Bxg5 Kg7 24. Rf1 c5 25. Nh4 c4 26. Qf3 Qb6+ 27. Kh2 Bc5 28. b4 cxb3 29. Bxb3 Rh8 30. fxg6 fxg6 31. Nxg6 Kxg6 32. Qf5+ Kg7 33. Bxf6+ Nxf6 34. Qg5+ Kh7 35. Rxf6 1-0

[Event "Bialystok Bieluczyk Memorial-B 2nd"]
[Site "Bialystok"]
[Date "2010.06.27"]
[Round "3"]
[White "Jablonski, Zenon"]
[Black "Najdzionek, Boleslaw"]
[Result "1-0"]
[WhiteElo "2109"]
[BlackElo "1924"]
[PlyCount "111"]
[EventDate "2010.06.26"]
[EventType "swiss"]
[EventRounds "9"]
[EventCountry "POL"]
[SourceTitle "EXT 2012"]
[Source "ChessBase"]
[SourceDate "2011.11.24"]
[SourceVersion "1"]
[SourceVersionDate "2011.11.24"]
[SourceQuality "1"]

1. d4 d5 2. c4 e6 3. Nc3 Nf6 4. Nf3 Nbd7 5. Bg5 Be7 6. e3 c6 7. Qc2 Nf8 8. 0-0-0 Ng6 9. h4 h6 10. Bxf6 Bxf6 11. g3 Bd7 12. Bd3 Ne7 13. g4 dxc4 14. Bxc4 Nd5 15. g5 Be7 16. Ne5 Qa5 17. g6 f6 18. Nf7 Rg8 19. Ne4 b5 20. Bb3 Qc7 21. Kb1 a5 22. Nc3 Qb8 23. Rc1 a4 24. Bxd5 cxd5 25. Ne2 Ra7 26. Nf4 b4 27. Qd2 Ra6 28. Nd3 Rc6 29. Rxc6 Bxc6 30. Rc1 Bb5 31. Nc5 Bxc5 32. Rxc5 Kd7 33. f4 Bc4 34. e4 Rc8 35. Rxc8 Kxc8 36. e5 fxe5 37. fxe5 Qb6 38. Nxh6 Qb5 39. Nf7 Kd7 40. Nd6 Qb8 41. h5 Qf8 42. Nf7 Qe7 43. Qg5 Bd3+ 44. Kc1 Ke8 45. Nd6+ Kf8 46. Qxe7+ Kxe7 47. Kd2 Bb1 48. a3 bxa3 49. bxa3 Kf8 50. Ke3 Bc2 51. Kf4 Bd1 52. Kg5 Bc2 53. h6 gxh6+ 54. Kxh6 Bd3 55. g7+ Kg8 56. Ne8 1-0

[Event "Bialystok Spring op-B"]
[Site "Bialystok"]
[Date "2010.05.03"]
[Round "6"]
[White "Jablonski, Zenon"]
[Black "Kotarski, Bartosz"]
[Result "1-0"]
[WhiteElo "2109"]
[BlackElo "1474"]
[PlyCount "51"]
[EventDate "2010.05.01"]
[EventType "swiss"]
[EventRounds "9"]
[EventCountry "POL"]
[SourceTitle "EXT 2012"]
[Source "ChessBase"]
[SourceDate "2011.11.24"]
[SourceVersion "1"]
[SourceVersionDate "2011.11.24"]
[SourceQuality "1"]

1. e4 c5 2. Nf3 e6 3. d4 cxd4 4. Nxd4 Nc6 5. Nxc6 bxc6 6. c4 Nf6 7. Bd3 Bc5 8. e5 Ng8 9. 0-0 Bd4 10. Qe2 Ne7 11. Kh1 Ng6 12. f4 a5 13. Nd2 0-0 14. Nf3 Ba7 15. Ng5 f6 16. Nxh7 f5 17. Ng5 Qxg5 18. fxg5 Bd4 19. Qh5 Nxe5 20. g6 Re8 21. Qh7+ Kf8 22. Bg5 Nxg6 23. Qxg6 d6 24. Rf3 a4 25. Rh3 Bxb2 26. Rh8# 1-0

[Event "Bialystok Spring op-B"]
[Site "Bialystok"]
[Date "2010.05.01"]
[Round "2"]
[White "Jablonski, Zenon"]
[Black "Stasiewicz, Jan"]
[Result "1-0"]
[WhiteElo "2109"]
[BlackElo "1530"]
[PlyCount "105"]
[EventDate "2010.05.01"]
[EventType "swiss"]
[EventRounds "9"]
[EventCountry "POL"]
[SourceTitle "EXT 2012"]
[Source "ChessBase"]
[SourceDate "2011.11.24"]
[SourceVersion "1"]
[SourceVersionDate "2011.11.24"]
[SourceQuality "1"]

1. d4 d5 2. c4 e6 3. Nc3 Nf6 4. Nf3 Nbd7 5. Bg5 c6 6. e3 Qa5 7. Nd2 Bb4 8. Qc2 dxc4 9. Bxf6 Nxf6 10. Nxc4 Qc7 11. Be2 0-0 12. a3 Bxc3+ 13. Qxc3 Bd7 14. Bf3 Rac8 15. b4 b6 16. Rc1 Nd5 17. Qc2 Ne7 18. Ne5 f6 19. Nd3 Kh8 20. 0-0 Qd6 21. Rfd1 Ng6 22. g3 Rc7 23. Be4 Rfc8 24. Bxg6 hxg6 25. h4 f5 26. Qb2 Be8 27. Rc3 c5 28. Ne5 cxd4 29. Rxc7 Rxc7 30. Qxd4 Qxd4 31. Rxd4 Kh7 32. Rd6 Re7 33. Kg2 Kh6 34. f4 Kh7 35. Kf3 Kh6 36. Ke2 Bb5+ 37. Kd2 Kh7 38. Rd8 Re8 39. Rd6 Re7 40. Kc3 Rc7+ 41. Kd4 Re7 42. Nf3 Rd7 43. Ke5 Rxd6 44. Kxd6 Bc4 45. Ne5 Bd5 46. Kc7 Kh6 47. Kb8 Kh5 48. Kxa7 b5 49. Kb6 Bc4 50. Kc5 Bd3 51. Kd6 Bc4 52. a4 Bd5 53. axb5 1-0

[Event "Bialystok Bieluczyk Memorial-A 1st"]
[Site "Bialystok"]
[Date "2009.06.23"]
[Round "5"]
[White "Bernacki, Krzysztof"]
[Black "Jablonski, Zenon"]
[Result "0-1"]
[WhiteElo "2084"]
[BlackElo "2108"]
[PlyCount "50"]
[EventDate "2009.06.20"]
[EventType "tourn"]
[EventRounds "9"]
[EventCountry "POL"]
[SourceTitle "EXT 2010"]
[Source "ChessBase"]
[SourceDate "2010.11.25"]
[SourceVersion "1"]
[SourceVersionDate "2010.11.25"]
[SourceQuality "1"]

1. e4 e5 2. Nf3 Nc6 3. d4 exd4 4. Nxd4 Nf6 5. Nc3 Bb4 6. Nxc6 bxc6 7. Bd3 0-0 8. 0-0 d5 9. exd5 cxd5 10. Bg5 Be6 11. Qf3 Be7 12. Rfe1 Qd7 13. b4 h6 14. Bxh6 gxh6 15. Qg3+ Kh8 16. Qf4 Ng8 17. Re3 Bg5 18. Qe5+ Bf6 19. Qf4 Bxc3 20. Rd1 Bg7 21. Rg3 Qe7 22. Re1 Qf6 23. Qxc7 Qc3 24. Rxg7 Qxe1+ 25. Bf1 Kxg7 0-1

[Event "Bialystok Bieluczyk Memorial-A 1st"]
[Site "Bialystok"]
[Date "2009.06.21"]
[Round "2"]
[White "Jablonski, Zenon"]
[Black "Kostyra, Stanislaw"]
[Result "0-1"]
[WhiteElo "2108"]
[BlackElo "2284"]
[PlyCount "66"]
[EventDate "2009.06.20"]
[EventType "tourn"]
[EventRounds "9"]
[EventCountry "POL"]
[SourceTitle "EXT 2010"]
[Source "ChessBase"]
[SourceDate "2010.11.25"]
[SourceVersion "1"]
[SourceVersionDate "2010.11.25"]
[SourceQuality "1"]

1. d4 d5 2. c4 dxc4 3. Nf3 Nf6 4. e3 Bg4 5. Bxc4 e6 6. h3 Bh5 7. 0-0 Nbd7 8. Nc3 Bd6 9. e4 Bxf3 10. Qxf3 e5 11. d5 0-0 12. g4 Ne8 13. Kg2 Be7 14. Bb5 Nd6 15. Bxd7 Qxd7 16. Qg3 b5 17. Qxe5 Rfe8 18. f3 b4 19. Nd1 Bf6 20. Qg3 Nc4 21. Bf4 c6 22. dxc6 Qxc6 23. Rc1 Qa6 24. b3 Qxa2+ 25. Rf2 Qxb3 26. Rfc2 Nb2 27. g5 Bd4 28. Rd2 Nd3 29. Rcc2 a5 30. Be3 Ba1 31. Kf1 a4 32. Qd6 Ne5 33. Kg2 Nc4 0-1

[Event "Bialystok Bieluczyk Memorial-A 1st"]
[Site "Bialystok"]
[Date "2009.06.21"]
[Round "3"]
[White "Pilimon, Zbigniew"]
[Black "Jablonski, Zenon"]
[Result "0-1"]
[WhiteElo "1776"]
[BlackElo "2108"]
[PlyCount "78"]
[EventDate "2009.06.20"]
[EventType "tourn"]
[EventRounds "9"]
[EventCountry "POL"]
[SourceTitle "EXT 2010"]
[Source "ChessBase"]
[SourceDate "2010.11.25"]
[SourceVersion "1"]
[SourceVersionDate "2010.11.25"]
[SourceQuality "1"]

1. d4 Nf6 2. c4 e6 3. Nf3 c5 4. d5 b5 5. dxe6 fxe6 6. e3 bxc4 7. Bxc4 d5 8. Bb5+ Bd7 9. Bd3 Nc6 10. Nc3 Be7 11. 0-0 0-0 12. b3 Nb4 13. Be2 Kh8 14. Ne5 Be8 15. Bb2 Bd6 16. Nb5 Bxb5 17. Bxb5 Qb8 18. a3 Qxb5 19. axb4 Qxb4 20. Ra4 Qb8 21. Nf3 Qe8 22. Rh4 Qg6 23. g3 Rab8 24. Ne5 Bxe5 25. Bxe5 Rb6 26. e4 d4 27. Qc2 Nd7 28. Bc7 Rc6 29. Bf4 e5 30. Bc1 Rf3 31. Kg2 Qf7 32. b4 c4 33. Qa4 Rcf6 34. Qxa7 Rxf2+ 35. Rxf2 Rxf2+ 36. Kh3 Qe6+ 37. g4 Qf7 38. Rh5 Qf3+ 39. Kh4 Rxh2+ 0-1

[Event "Bialystok Zamenhof Memorial"]
[Site "Bialystok"]
[Date "2008.12.31"]
[Round "9"]
[White "Jablonski, Zenon"]
[Black "Khamitskiy, Sergei"]
[Result "0-1"]
[WhiteElo "2118"]
[BlackElo "2341"]
[PlyCount "62"]
[EventDate "2008.12.27"]
[EventType "swiss"]
[EventRounds "9"]
[EventCountry "POL"]
[SourceTitle "EXT 2010"]
[Source "ChessBase"]
[SourceDate "2010.11.25"]
[SourceVersion "1"]
[SourceVersionDate "2010.11.25"]
[SourceQuality "1"]

1. d4 d5 2. c4 dxc4 3. Nf3 c6 4. e3 Be6 5. Nbd2 b5 6. b3 cxb3 7. a4 Qa5 8. Bb2 bxa4 9. Bd3 Nd7 10. 0-0 Ngf6 11. Qe2 g6 12. Rfc1 Bg7 13. Rxc6 0-0 14. Ra6 Qc7 15. R1xa4 Nb6 16. Ra1 Nfd5 17. Nxb3 Nb4 18. Nc5 Nxa6 19. Nxe6 fxe6 20. Bxa6 Nd5 21. h3 Rab8 22. Ba3 Qc3 23. Ra2 Rb1+ 24. Kh2 Qc7+ 25. g3 Nc3 26. Rc2 Nxe2 27. Rxc7 Rxf3 28. Kg2 Nxd4 29. Bxe7 Rb2 30. exd4 Rfxf2+ 31. Kg1 Bxd4 0-1

[Event "Bialystok Zamenhof Memorial"]
[Site "Bialystok"]
[Date "2008.12.29"]
[Round "6"]
[White "Jablonski, Zenon"]
[Black "Ocytko, Andrzej"]
[Result "1-0"]
[WhiteElo "2118"]
[BlackElo "2165"]
[PlyCount "81"]
[EventDate "2008.12.27"]
[EventType "swiss"]
[EventRounds "9"]
[EventCountry "POL"]
[SourceTitle "EXT 2010"]
[Source "ChessBase"]
[SourceDate "2010.11.25"]
[SourceVersion "1"]
[SourceVersionDate "2010.11.25"]
[SourceQuality "1"]

1. d4 Nf6 2. c4 e6 3. Nc3 Bb4 4. f3 d5 5. a3 Bxc3+ 6. bxc3 c5 7. e3 0-0 8. cxd5 exd5 9. Bd3 Nc6 10. Ne2 Re8 11. 0-0 h6 12. Ng3 b6 13. Ra2 Bb7 14. Re2 Qd7 15. Nf5 Rad8 16. g4 h5 17. gxh5 Nxh5 18. Rg2 Kf8 19. f4 g6 20. Kh1 Nf6 21. Ng3 Qh3 22. Rf3 Qh4 23. Bd2 Ne4 24. Be1 Qh6 25. f5 g5 26. f6 Bc8 27. Nf5 Bxf5 28. Rxf5 Rd6 29. Bxe4 Rxe4 30. Qf3 g4 31. Rxg4 Rxg4 32. Qxg4 Rxf6 33. Bg3 Rxf5 34. Qxf5 Ne7 35. Qf3 Qe6 36. dxc5 bxc5 37. Kg2 Nf5 38. Kf2 Nh6 39. Qf4 Kg8 40. a4 a6 41. Kf3 1-0

[Event "Bialystok Podlaski Region-chA"]
[Site "Bialystok"]
[Date "2008.06.22"]
[Round "4.1"]
[White "Cylwik, Zbigniew"]
[Black "Jablonski, Zenon"]
[Result "1/2-1/2"]
[WhiteElo "2073"]
[BlackElo "2118"]
[PlyCount "159"]
[EventDate "2008.06.21"]
[EventType "tourn"]
[EventRounds "9"]
[EventCountry "POL"]
[SourceTitle "EXT 2023"]
[Source "ChessBase"]
[SourceDate "2022.10.05"]
[SourceVersion "1"]
[SourceVersionDate "2022.10.05"]
[SourceQuality "1"]

1. d4 Nf6 2. c4 g6 3. Nc3 Bg7 4. Nf3 0-0 5. Bg5 c5 6. d5 h6 7. Bd2 d6 8. e4 e6 9. Be2 exd5 10. exd5 Re8 11. 0-0 a6 12. h3 Nbd7 13. Re1 Rb8 14. a4 Qc7 15. Qc1 Kh7 16. Qc2 Ne5 17. Nxe5 dxe5 18. a5 Bf8 19. Ra3 e4 20. Bf1 Bf5 21. Qc1 h5 22. Ne2 Bd6 23. Bf4 b5 24. axb6 Rxb6 25. Bxd6 Qxd6 26. Nc3 Rb4 27. Qa1 Bc8 28. Qc1 Qe5 29. Nd1 h4 30. Qe3 Qd6 31. Qg5 Re5 32. Qxh4+ Rh5 33. Qg3 Qxg3 34. Rxg3 a5 35. Rge3 Kg7 36. Be2 Rh8 37. Ra3 a4 38. Bf1 Bd7 39. f3 exf3 40. Rxf3 Re8 41. Rxe8 Nxe8 42. Bd3 Nd6 43. Re3 Nxc4 44. Re7 Nb6 45. Be4 Kf6 46. d6 Rd4 47. Bf3 Rxd6 48. Re3 Rd2 49. Rc3 c4 50. Kf1 Ke5 51. Ke1 Rd3 52. Rc2 Kd4 53. Be2 Rb3 54. Rd2+ Kc5 55. Nc3 a3 56. Ne4+ Kb4 57. bxa3+ Rxa3 58. Rd6 Ka5 59. Kd2 Ra2+ 60. Ke3 Bb5 61. Nc3 Na4 62. Nxb5 Kxb5 63. Rd7 f5 64. Rb7+ Kc6 65. Rg7 f4+ 66. Kf3 Kc5 67. Rc7+ Kd4 68. Rxc4+ Ke5 69. Re4+ Kf5 70. Rxf4+ Kg5 71. Rg4+ Kf6 72. h4 Nc5 73. Rc4 Ne6 74. Rc6 Ra3+ 75. Kf2 Ke5 76. Bc4 Nf4 77. g3 Nh5 78. Rxg6 Nxg3 79. Rxg3 Rxg3 80. Kxg3 1/2-1/2